000 00647nam a2200205 i 4500
001 87122
003 ES-MaACL
005 20250804062539.0
007 t|
008 041220s1968 sp ||||1| spa d
100 1 _aKochan, Lionel.
_968412
245 1 0 _aRusia en revolución
_b: (1890-1918) /
_cLionel Kochan ; [traductora: Consuelo Vázquez de Parga].
260 _aMadrid :
_bAlianza,
_c[1968]
300 _a562 p. ;
_c18 cm.
490 1 _aEl libro de bolsillo ;
_v112
700 1 _aVázquez de Parga, Consuelo.
_9113421
830 0 3 _aEl libro de bolsillo
_v112
_9177802
852 _aES-MaACL
_jC-34486
_bR.65597
999 _c87122
_d87122